NBA 2K21: Best Shot-Blocker by Team - Statistics

General Stats
  • This quiz has been taken 29 times
  • The average score is 63 of 139
Answer Stats
Team Player Rating % Correct
'64-'65 Boston Celtics Bill Russell 99
89%
All-Time Boston Celtics Bill Russell 99
89%
All-Decade 1960s All-Stars Bill Russell 99
89%
All-Time Atlanta Hawks Dikembe Mutombo 99
89%
'93-'94 Denver Nuggets Dikembe Mutombo 93
89%
'00-'01 Philadelphia 76ers Dikembe Mutombo 87
89%
'07-'08 Houston Rockets Dikembe Mutombo 87
89%
All-Time Los Angeles Lakers Shaquille O'Neal 98
89%
All-Decade 2000s All-Stars Shaquille O'Neal 98
89%
'00-'01 Los Angeles Lakers Shaquille O'Neal 95
89%
'03-'04 Los Angeles Lakers Shaquille O'Neal 95
89%
'94-'95 Orlando Magic Shaquille O'Neal 88
89%
'97-'98 Los Angeles Lakers Shaquille O'Neal 82
89%
'94-'95 New York Knicks Patrick Ewing 80
85%
All-Time Houston Rockets Moses Malone 95
81%
All-Decade 1980s All-Stars Moses Malone 95
81%
'97-'98 San Antonio Spurs David Robinson 86
78%
All-Time Milwaukee Bucks Kareem Abdul-Jabbar 95
78%
All-Decade 1970s All-Stars Kareem Abdul-Jabbar 95
78%
'70-'71 Milwaukee Bucks Kareem Abdul-Jabbar 88
78%
'86-'87 Los Angeles Lakers Kareem Abdul-Jabbar 88
78%
All-Time San Antonio Spurs Tim Duncan 96
78%
'13-'14 San Antonio Spurs Tim Duncan 86
78%
All-Time Houston Rockets Hakeem Olajuwon 95
74%
'93-'94 Houston Rockets Hakeem Olajuwon 88
74%
All-Time Philadelphia 76ers Wilt Chamberlain 96
74%
All-Time Golden State Warriors Wilt Chamberlain 96
74%
'70-'71 Los Angeles Lakers Wilt Chamberlain 94
74%
'96-'97 Miami Heat Alonzo Mourning 97
70%
All-Time Miami Heat Alonzo Mourning 97
70%
All-Time Charlotte Hornets Alonzo Mourning 97
70%
All-Decade 1990s All-Stars Alonzo Mourning 97
70%
'05-'06 Miami Heat Alonzo Mourning 94
70%
'92-'93 Charlotte Hornets Alonzo Mourning 87
70%
Brooklyn Nets DeAndre Jordan 86
70%
'13-'14 Los Angeles Clippers DeAndre Jordan 81
70%
2016 USA Basketball DeAndre Jordan 81
70%
All-Time Orlando Magic Dwight Howard 96
70%
All-Decade 2010s All-Stars Dwight Howard 96
70%
All-Time New Orleans Pelicans Anthony Davis 88
67%
2012 USA Basketball Anthony Davis 80
67%
'99-'00 Portland Trail Blazers Jermaine O'Neal 83
67%
'85-'86 Chicago Bulls Michael Jordan 67
67%
'11-'12 Oklahoma City Thunder Serge Ibaka 97
67%
Los Angeles Clippers Serge Ibaka 82
67%
'15-'16 Golden State Warriors Draymond Green 80
63%
Utah Jazz Rudy Gobert 92
63%
Team LeBron Rudy Gobert 92
63%
'03-'04 Detroit Pistons Ben Wallace 95
59%
All-Time Detroit Pistons Ben Wallace 95
59%
'12-'13 Miami Heat Chris Bosh 73
59%
Atlanta Hawks Clint Capela 90
59%
'03-'04 Minnesota Timberwolves Kevin Garnett 80
59%
All-Time Memphis Grizzlies Marc Gasol 88
59%
Los Angeles Lakers Marc Gasol 87
59%
'12-'13 Memphis Grizzlies Marc Gasol 77
59%
'18-'19 Toronto Raptors Marc Gasol 72
59%
'05-'06 Memphis Grizzlies Pau Gasol 74
59%
Indiana Pacers Myles Turner 96
56%
Milwaukee Bucks Brook Lopez 81
52%
All-Time Utah Jazz Mark Eaton 98
52%
'13-'14 Indiana Pacers David West 88
48%
'95-'96 Seattle SuperSonics Ervin Johnson 90
48%
New Orleans Pelicans James Johnson 81
48%
Denver Nuggets JaVale McGee 89
48%
'16-'17 Golden State Warriors JaVale McGee 89
48%
Boston Celtics Robert Williams 95
48%
All-Time Phoenix Suns Alvan Adams 81
44%
All-Time Chicago Bulls Artis Gilmore 97
44%
All-Time Los Angeles Clippers Bob McAdoo 94
44%
All-Time Washington Wizards Elvin Hayes 94
44%
All-Time Cleveland Cavaliers Hot Rod Williams 86
44%
Memphis Grizzlies Jaren Jackson Jr. 85
44%
'07-'08 Boston Celtics Kendrick Perkins 84
44%
Dallas Mavericks Kristaps Porziņģis 85
44%
Phoenix Suns Jalen Smith 76
41%
Philadelphia 76ers Joel Embiid 86
41%
Team Durant Joel Embiid 86
41%
All-Time Minnesota Timberwolves Karl-Anthony Towns 81
41%
'11-'12 New York Knicks Tyson Chandler 75
41%
All-Time New York Knicks Willis Reed 94
41%
'71-'72 New York Knicks Willis Reed 90
41%
'85-'86 Boston Celtics Bill Walton 77
37%
Sacramento Kings Hassan Whiteside 93
37%
'10-'11 Chicago Bulls Joakim Noah 72
37%
Houston Rockets Christian Wood 81
33%
'01-'02 Sacramento Kings Chris Webber 89
33%
All-Time Sacramento Kings Chris Webber 89
33%
'95-'96 Chicago Bulls Luc Longley 78
33%
'97-'98 Chicago Bulls Luc Longley 66
33%
Orlando Magic Mohamed Bamba 95
33%
All-Time Indiana Pacers Roy Hibbert 90
33%
Toronto Raptors Chris Boucher 94
30%
'98-'99 New York Knicks Marcus Camby 96
26%
'07-'08 Denver Nuggets Marcus Camby 96
26%
'09-'10 Portland Trail Blazers Marcus Camby 96
26%
All-Time Denver Nuggets Marcus Camby 94
26%
New York Knicks Nerlens Noel 93
26%
'06-'07 Cleveland Cavaliers Zydrunas Ilgauskas 75
26%
Washington Wizards Daniel Gafford 93
22%
Chicago Bulls Daniel Theis 81
22%
Portland Trail Blazers Derrick Jones Jr. 77
22%
Golden State Warriors James Wiseman 83
22%
Rising Stars USA James Wiseman 83
22%
'99-'00 Toronto Raptors Tracy McGrady 81
22%
'06-'07 Washington Wizards Etan Thomas 87
19%
San Antonio Spurs Jakob Poeltl 87
19%
All-Time Portland Trail Blazers Maurice Lucas 86
19%
All-Time Dallas Mavericks Shawn Bradley 94
19%
'02-'03 Dallas Mavericks Shawn Bradley 92
19%
'64-'65 Los Angeles Lakers Elgin Baylor 60
15%
Detroit Pistons Isaiah Stewart 84
15%
All-Time Oklahoma City Thunder Jack Sikma 80
15%
'01-'02 New Jersey Nets Kenyon Martin 82
15%
All-Time Brooklyn Nets Kenyon Martin 82
15%
Minnesota Timberwolves Naz Reid 83
15%
'85-'86 Atlanta Hawks Tree Rollins 86
15%
'89-'90 Cleveland Cavaliers Tree Rollins 83
15%
'06-'07 Golden State Warriors Adonal Foyle 90
11%
Charlotte Hornets Bismack Biyombo 85
11%
All-Time Brooklyn Nets Derrick Coleman 82
11%
'88-'89 Detroit Pistons John Salley 70
11%
'84-'85 Milwaukee Bucks Alton Lister 83
7%
'90-'91 Golden State Warriors Alton Lister 73
7%
'90-'91 Los Angeles Lakers Elden Campbell 88
7%
Miami Heat Precious Achiuwa 81
7%
Rising Stars World Precious Achiuwa 81
7%
'92-'93 Chicago Bulls Stacey King 75
7%
Oklahoma City Thunder Aleksej Pokusevski 87
4%
'02-'03 Phoenix Suns Bo Outlaw 69
4%
'90-'91 Portland Trail Blazers Jerome Kersey 60
4%
'15-'16 Cleveland Cavaliers Jordan McRae 58
4%
All-Time Toronto Raptors Andrea Bargnani 85
0%
'88-'89 Chicago Bulls Brad Sellers 63
0%
'76-'77 Philadelphia 76ers Harvey Catchings 82
0%
'10-'11 Dallas Mavericks Ian Mahinmi 87
0%
Cleveland Cavaliers Isaiah Hartenstein 89
0%
'04-'05 Phoenix Suns Steven Hunter 89
0%
'90-'91 Chicago Bulls Will Perdue 76
0%
No matching quizzes found
Score Distribution
Percent of People with Each Score
Percentile by Number Answered
Your Score History
You have not taken this quiz